| 000 | 00876cab a2200193 4500 | ||
|---|---|---|---|
| 001 | L129266 | ||
| 008 | 050406n2005 000 0 eng u | ||
| 035 | _a(Sirsi) u129266 | ||
| 041 | _aeng | ||
| 100 | _aBiddulph, Keith | ||
| 245 | 2 | _aA free rein to make changes | |
| 260 | _c2005 | ||
| 490 |
_aEstates Gazette _v(0512) 6 March 2005, 216(1) |
||
| 520 | _aGives details of the rights to occupiers granted by the Disability Discrimination Act 1995 and its regulation and codes in relation to commercial leasehold properties. Explains that occupiers can proceed with alterations to premises to make them DDA compliant and that the lessor can refuse consent only if he can show reasonable grounds for so doing. | ||
| 590 | _aIKA150405 | ||
| 650 | _aDISABILITY DISCRIMINATION ACT 1995 | ||
| 690 | _aPROPERTY-COMMERCIAL PROPERTY-LEASEHOLD COMMERCIAL PROPERTY | ||
| 942 | _n0 | ||
| 999 |
_c75035 _d75035 |
||